Freud : una interpretación de la cultura /
Guardat en:
| Autor principal: | |
|---|---|
| Altres autors: | |
| Format: | Llibre |
| Idioma: | espanyol |
| Publicat: |
México :
Siglo XXI,
2002, c2002
|
| Edició: | 10a edición |
| Col·lecció: | (Teoría Siglo XXI)
|
| Matèries: | |
| Etiquetes: |
Sense etiquetes, Sigues el primer a etiquetar aquest registre!
|
MARC
| LEADER | 00000nam^a2200000^a^4500 | ||
|---|---|---|---|
| 001 | 000174330 | ||
| 005 | 20250521000000.0 | ||
| 009 | 20260310101526.147 | ||
| 020 | |a 968-23-0173-4 | ||
| 020 | |a 978-968-23-0173-5 | ||
| 037 | |a Acervo ITESO - Biblioteca | ||
| 041 | |a ESP | ||
| 082 | |a 150. 1952 |b RIC | ||
| 100 | |a Ricoeur, Paul |e (autor) | ||
| 240 | 1 | 1 | |a [Freud: una interpretación de la cultura] |
| 245 | 1 | 0 | |a Freud : |b una interpretación de la cultura / |c P. Ricoeur ; prelim. y tr. por A. Suárez. |
| 250 | |a 10a edición | ||
| 264 | 4 | |a México : |b Siglo XXI, |c 2002, c2002 | |
| 300 | |a XI, 483 p. | ||
| 336 | |a texto |b txt |2 rdacontenido | ||
| 337 | |a sin mediación |b n |2 rdamedio | ||
| 338 | |a volumen |b nc |2 rdasoporte | ||
| 440 | 1 | |a (Teoría Siglo XXI) | |
| 500 | |a Traducción de: De l'interprétation: essai sur Freud | ||
| 521 | |a 2004 BO Maestría en Psicoterapia | ||
| 649 | |a XX | ||
| 650 | |a Psicoanalistas Austríacos | ||
| 650 | |a Hermenéutica - |x Tema Principal | ||
| 650 | |a Fenomenología | ||
| 650 | |a Filosofía | ||
| 650 | |a Psicoanálisis y Cultura - |x Tema Principal | ||
| 650 | |a Psicoanálisis y Sociedad | ||
| 650 | |a Psicoanálisis - |x Teoría | ||
| 650 | |a Psicoanálisis - |x Filosofía - |x Tema Principal | ||
| 650 | |a Sociología de la Cultura | ||
| 650 | |a Freud, Sigmund - |x Tema Principal | ||
| 700 | |a Suárez, Armando |e (preliminares y traducción) | ||
| 910 | |a Fondo General | ||
| 920 | |a Impresos - Libros | ||
| 930 | |a Colección General | ||
| 905 | |a 101 | ||
| 901 | |a 0500112093 |b IT1 |c ACC |u 20250521 | ||
| 901 | |a 0500319845 |b IT1 |c ACC |u 20250521 | ||
| 901 | |a 0500235005 |b IT1 |c ACC |i C |u 20250521 | ||
| 901 | |a 0500235008 |b IT1 |c ACC |i C |u 20250521 | ||
| 902 | |a https://opac.biblio.iteso.mx/vufind/Record/000174330 | ||